000 00884nam a22002177a 4500
999 _c13313
_d13313
003 AR-CdUCM
008 190411b ||||| |||| 00| 0 spa d
040 _aMUNICIPALIDAD PROVINCIAL DEL CUSCO
_cBIBLIOTECA MUNICIPAL DEL CUSCO
082 _aC / 345.731 /
_bD68
100 _aDiaz Bedregal, José
_931669
245 _aManual didáctico para el funcionamiento de los juzgados de paz de la república /
260 _aCuzco :
_bImp. Garcilaso,
_c1954.
300 _a100 páginas ;
_c21 cm.
505 _aContenido: Juicios verbales verbales -- Recepción de testigos -- De los protestos -- Otorgamiento de escrituras imperfectas -- Formación del concejo de familia -- Accidentes de trabajo ...
650 _aJuzgados de paz
_931670
650 _aJuicios
_97111
650 _aCompetencias
_931671
650 _aApelaciones
_931672
942 _2ddc
_cLIBROS
945 _aacv
_d2019-04-11